000 00596nam a2200205Ia 4500
003 OSt
005 20260611115833.0
008 210210b2002 xxu||||| |||| 00| 0 eng d
040 _cAL
041 _aKannada
082 _a709K MARK
100 _aMARISHAMACHAR (N).
_dಎನ್. ಮರಿಶಾಮಚಾರ್
_9265635
245 _aKalacharitre bhaga-1.
_bಕಲಾಚರಿತ್ರೆ ಭಾಗ-೧
260 _aBengaluru
_bKarnataka Shilpakala Akademi
_c2002
300 _avii,204
650 _aArt History
_9265636
690 _aThe Arts
_9265637
906 _a058631
942 _2ddc
_cBK
999 _c105610
_d105610